Southville International School and Colleges
Your cart is empty.
  • Cart
  • Lists
    Public lists Eva Luna New books Lux_list list_1
    Your lists Log in to create your own lists
  • Log in to your account
  • Your cookies
  • Search history
Southville International School and Colleges
  • Advanced search
  • Recent comments
  • Most popular
  • Libraries

Log in to your account

Log in with GOOGLE


If you do not have an external account, but do have a local account, you can still log in:

  1. Home
  2. MARC view: Pharmacology /
Normal view MARC view ISBD view

Pharmacology / (Record no. 283685)

[ view plain ]
MARC details
000 -LEADER
fixed length control field 00531nam a22001937a 4500
003 - CONTROL NUMBER IDENTIFIER
control field PILC
005 - DATE AND TIME OF LATEST TRANSACTION
control field 20150302154638.0
008 - FIXED-LENGTH DATA ELEMENTS--GENERAL INFORMATION
fixed length control field 150302b xxu||||| |||| 00| 0 eng d
020 ## - INTERNATIONAL STANDARD BOOK NUMBER
International Standard Book Number 9789814371711
050 ## - LIBRARY OF CONGRESS CALL NUMBER
Classification number RM 301
Item number .B838 2014
100 ## - MAIN ENTRY--PERSONAL NAME
Personal name Brenner, George M.
245 ## - TITLE STATEMENT
Title Pharmacology /
Statement of responsibility, etc George M. Brenner and Craig W. Stevens.
250 ## - EDITION STATEMENT
Edition statement 4th ed.
260 ## - PUBLICATION, DISTRIBUTION, ETC. (IMPRINT)
Place of publication, distribution, etc Singapore :
Name of publisher, distributor, etc Elsevier,
Date of publication, distribution, etc c2014.
300 ## - PHYSICAL DESCRIPTION
Extent 520 pages :
Other physical details illustrations ;
Dimensions 25 cm.
521 ## - TARGET AUDIENCE NOTE
Target audience note Pharmacy
650 ## - SUBJECT ADDED ENTRY--TOPICAL TERM
Topical term or geographic name as entry element Pharmacology.
942 ## - ADDED ENTRY ELEMENTS (KOHA)
Source of classification or shelving scheme Library of Congress Classification
Koha item type Books
Holdings
Withdrawn status Lost status Source of classification or shelving scheme Damaged status Home library Current library Shelving location Date acquired Source of acquisition Total Checkouts Total Renewals Full call number Barcode Date last seen Date checked out Price effective from Koha item type
    Library of Congress Classification   College Library College Library Reserve Section 03/02/2015 Library Fund 1 5 RM 301 .B838 2014 C19182 01/20/2025 10/14/2024 03/02/2015 Books

Pharmacology /

APA

Brenner G. M., . (2014). Pharmacology. Singapore: Elsevier.

Chicago

Brenner George M, . 2014. Pharmacology. Singapore: Elsevier.

Harvard

Brenner G. M., . (2014). Pharmacology. Singapore: Elsevier.

MLA

Brenner George M, . Pharmacology. Singapore: Elsevier. 2014.

  • Place hold
  • Print
  • Cite
  • Add to your cart (remove)
  • Save record
    BIBTEX Dublin Core MARCXML MARC (non-Unicode/MARC-8) MARC (Unicode/UTF-8) MARC (Unicode/UTF-8, Standard) MODS (XML) RIS
  • More searches
    Search for this title in:
    Other Libraries (WorldCat) Other Databases (Google Scholar) Online Stores (Bookfinder.com) Open Library (openlibrary.org)

Exporting to Dublin Core...

SOUTHVILLE LIBRARY

Southville International School and Colleges Library

1281 Tropical Ave. Cor. Luxembourg St., BF Homes International, Las Pinas City

Tel. No. 8256374 / 252358 Loc. 117/146

Powered by Koha